Czy znasz najlepsze drużyny wszechczasów ligi mistrzów? - Statystyki

Ogólne statystyki
  • Ten quiz został rozwiązany 2 509 razy
  • Średni wynik to 13 z 30
Statystyki odpowiedzi
Miejsce Klub % Poprawnych
1. Real Madryt
99%
3. Fc Barcelona
92%
4. Manchester United
84%
2. Bayern Monachium
82%
9. Liverpool
82%
6. Ac Milan
81%
5. Juventus
77%
13. Chelsea
72%
12. Inter Mediolan
71%
16. Borussia Dortmund
66%
15. Atletico Madryt
57%
10. Ajax Amsterdam
53%
7. Fc Porto
51%
8. Benfica
45%
27. As Roma
34%
11. Arsenal Londyn
33%
22. Valencia
28%
21. Paris Saint Germain
21%
30. As Monaco
20%
29. Olympique Marsylia
20%
20. Olympique Lyon
18%
18. Celtic Glasgow
17%
17. PSV Eindhoven
16%
26. Crvena Zvezda
15%
14. Dynamo Kijów
10%
19. Anderlecht
9%
23. Galatasaray
9%
25. Glasgow Rangers
4%
24. Olympiakos Pireus
4%
28. Panathinaikos Ateny
3%
Nie znaleziono quizów pasujących do podanych kryteriów
Rozkład punktacji
Procent ludzi z każdym wynikiem
Percentyl według liczby udzielonych odpowiedzi
Twoja historia wyników
Nie rozwiązałeś tego quizu